Informe semestral de seguimiento y monitoreo primer semestre 2014 (Record no. 8273)

MARC details
000 -LEADER
campo de control de longitud fija 00410nam a2200133Ia 4500
001 - NÚMERO DE CONTROL
campo de control 3857
008 - DATOS DE LONGITUD FIJA--INFORMACIÓN GENERAL
campo de control de longitud fija 241024s9999 xx 000 0 und d
082 ## - NÚMERO DE LA CLASIFICACIÓN DECIMAL DEWEY
Número de clasificación RD/379.97293/IN56i/2014
100 ## - ENTRADA PRINCIPAL--NOMBRE DE PERSONA
Nombre de persona Iniciativa Dominicana por una Educación de Calidad
245 #0 - MENCIÓN DEL TÍTULO
Título Informe semestral de seguimiento y monitoreo primer semestre 2014
260 ## - PUBLICACIÓN, DISTRIBUCIÓN, ETC.
Nombre del editor, distribuidor, etc. Santo Domingo
Fecha de publicación, distribución, etc. 2014
901 ## - ELEMENTOS DE DATOS A LOCAL LDA (RLIN)
a 17/11/2014 2:19:56 p.m.

No items available.

© 2024. Todos los Derechos Reservados. Desarrollado por IDEICE